书目信息 |
| 题名: |
大众心理学
|
|
| 作者: | 陈汝懋 主编 | |
| 分册: | ||
| 出版信息: | 广州 广东人民出版社 1984 |
|
| 页数: | 255页 | |
| 开本: | 19cm | |
| 丛书名: | 哲学社会科学基础知识丛书 | |
| 单 册: | ||
| 中图分类: | B84 | |
| 科图分类: | ||
| 主题词: | 心理学 | |
| 电子资源: | ||
| ISBN: | ||
| 000 | 00684nam2 2200253 45 | |
| 001 | 0184010001 | |
| 005 | 20050603082023.3 | |
| 010 | @dCNY0.79 | |
| 091 | @a2111.44 | |
| 100 | @a19950530d1984 em y0chiy0121 ea | |
| 101 | 0 | @achi |
| 102 | @aCN@b440000 | |
| 105 | @ay z 000yy | |
| 200 | 10 | @a大众心理学@Ada zhong xin li xue@f陈汝懋主编@FChen Ru Mao Zhu Bian |
| 210 | @a广州@c广东人民出版社@d1984 | |
| 215 | @a255页@d19cm | |
| 225 | 2 | @a哲学社会科学基础知识丛书 |
| 410 | 0 | @120010@a哲学社会科学基础知识丛书 |
| 606 | @a心理学 | |
| 690 | @aB84@v3 | |
| 701 | 0 | @a陈汝懋@4主编 |
| 801 | 0 | @aCN@b上海图书馆@c20040426 |
| 801 | 2 | @aCN@bNLC@c20040426 |
| 905 | @dB84@e108@f1@b135448 | |
| 大众心理学/陈汝懋主编.-广州:广东人民出版社,1984 |
| 255页;19cm.-(哲学社会科学基础知识丛书) |
| ISBN :CNY0.79 |
| ● |
| 相关链接 |
|
|
|
|
正题名:大众心理学
索取号:B84/108
 
预约/预借
| 序号 | 登录号 | 条形码 | 馆藏地/架位号 | 状态 | 备注 |
| 1 | 0135447 | 001471464 | 密集书库/ [索取号:B84/108] | 在馆 | |
| 2 | 0135448 | 002042097 | 第一样本阅览室/ [索取号:B84/108] | 在馆 |